000 00598nam a22001817a 4500
005 20251108173327.0
008 250721s2006 xx 000 0 ara d
082 1 4 _a811.4009/علا
100 1 _aعلاونة، شريف
245 1 0 _aشعر أرطأة بن سهية المري ( من شعراء العصر الأموي) /
264 1 _aعمان :
_bدار المناهج للنشر و التوزيع،
_c2006.
300 _a167 ص
650 1 7 _aالشعر العربي
650 1 7 _aالنقد الأدبي
650 1 7 _aالتحليل الأدبي
942 _2ddc
_cBK
999 _c101351
_d101351